Využitie nástrojov pre detekciu zraniteľnosti v procese vývoja software

Gespeichert in:
Bibliographische Detailangaben
1. Verfasser: Seman, Filip (Verfasst von)
Weitere Verfasser: Balogh, Štefan (Betreuung Doktorarbeit)
Format: Manuskript Buch
Sprache:Slowakisch
Veröffentlicht: Bratislava : STU v Bratislave FEI, 2022
Schlagworte:
Online-Zugang:https://opac.crzp.sk/?fn=detailBiblioFormChildQESR1&sid=D9F0BB0A8DA992698DA695D31B33&seo=CRZP-detail-kniha
Tags: Tag hinzufügen
Keine Tags, Fügen Sie das erste Tag hinzu!

MARC

LEADER 00000ntm a22000003a 4500
001 stuzp90829
003 SK-STU
005 20230208141122.1
007 ta
008 150427s2015----xo-----f-mn---000-0-slo-d
040 |a STU  |b slo 
041 0 |a slo 
044 |a xo 
100 1 |a Seman, Filip  |u 035000  |4 aut  |U FEI Fakulta elektrotechniky a informatiky  |T FEI Ústav informatiky a matematiky  |X 74224  |U E050  |Y 816  |7 74224 
242 0 1 |a Use of tools to detect vulnerabilities in the software development process  |y eng 
245 1 0 |a Využitie nástrojov pre detekciu zraniteľnosti v procese vývoja software 
260 |a Bratislava :  |b STU v Bratislave FEI,  |c 2022 
300 |a 100 s., príl. 
650 4 |a DecSecOps  |2 slo 
650 4 |a Woodpecker CI  |2 slo 
650 4 |a OWASP  |2 slo 
650 4 |a DevOps  |2 slo 
650 4 |a CI/CD  |2 slo 
650 4 |a Git  |2 slo 
650 4 |a OWASP  |2 eng 
650 4 |a DevOps  |2 eng 
650 4 |a DecSecOps  |2 eng 
650 4 |a CI/CD  |2 eng 
650 4 |a Woodpecker CI  |2 eng 
650 4 |a Git  |2 eng 
700 1 |a Balogh, Štefan  |u 035000  |k Z1  |4 ths  |U FEI Fakulta elektrotechniky a informatiky  |T FEI Ústav informatiky a matematiky  |X 30190  |U E050  |Y 816  |7 A000030190 
856 4 |u https://opac.crzp.sk/?fn=detailBiblioFormChildQESR1&sid=D9F0BB0A8DA992698DA695D31B33&seo=CRZP-detail-kniha